000
00298nam a2200121Ia 4500
008
190216s9999||||xx |||||||||||||| ||und||
100
_a
Allel Mottorshead
245
0
_a
Electronic Devices And Circuits
260
_b
Pentice Hall Of India
_c
1973
300
_a
641p
650
_a
Physics
942
_c
BK
999
_c
33105
_d
33105